000 00685cam a22002174a 4500
001 1686684
005 20250115080148.0
008 990614s2000 at a b 001 0 eng
020 _a9780534564667
050 0 0 _aQP141
_b.S5365 2000
082 0 0 _a613.2
_221
100 1 _aSizer, Frances Sienkiewicz
245 1 0 _aNutrition :
_bconcepts and controversies /
_cFrances Sienkiewicz Sizer, Eleanor Noss Whitney.
250 _a8th ed.
260 _aAustralia ;
_aBelmont, CA, USA :
_bWadsworth Thomson Learning
_cc2000.
300 _axv, various paging
_bcol. ill. ;
_c27 cm.
650 0 _aNutrition.
650 0 _aFood.
700 1 _aWhitney, Eleanor Noss.
942 _2lcc
_cBK
_e8th ed.
_n0
999 _c2531
_d2531